All Terraria Entities - Statistics

General Stats
  • This quiz has been taken 19 times
  • The average score is 182 of 491
Answer Stats
Answer % Correct
Guide
86%
Merchant
86%
Cave Bat
71%
Wizard
71%
Dryad
71%
Nurse
71%
Party Girl
71%
Pirate
71%
Red Slime
71%
Skeleton
71%
Traveling Merchant
71%
Worm
71%
Angler
57%
Arms Dealer
57%
Bird
57%
Black Recluse
57%
Blood Eel
57%
Blue Jay
57%
Blue Slime
57%
Cardinal
57%
Christmas Bunny
57%
Clothier
57%
Costume Bunny
57%
Cyborg
57%
Demolitionist
57%
Doctor Bones
57%
Dye Trader
57%
Eater of Souls
57%
Eater of Worlds
57%
Eye of Cthulhu
57%
Giant Worm
57%
Goblin Tinkerer
57%
Gold Bird
57%
Goldfish
57%
Gold Goldfish
57%
Golem
57%
Golfer
57%
Green Slime
57%
Harpy
57%
Ice Queen
57%
Jungle Bat
57%
Jungle Slime
57%
King Slime
57%
Man Eater
57%
Mechanic
57%
Monarch Butterfly
57%
Moth
57%
Painter
57%
Party Bunny
57%
Piranha
57%
Pumpking
57%
Reaper
57%
Santa Claus
57%
Shark
57%
Skeleton Merchant
57%
Steampunker
57%
Stylist
57%
Tavernkeep
57%
The Bride
57%
The Destroyer
57%
The Groom
57%
Tim
57%
Turtle
57%
Wall of Flesh
57%
Wolf
57%
Wyvern
57%
Zombie
57%
Zoologist
57%
Amber Bunny
43%
Amber Squirrel
43%
Amethyst Bunny
43%
Amethyst Squirrel
43%
Angry Dandelion
43%
Angry Trapper
43%
Angry Tumbler
43%
Baby Mothron
43%
Black Slime
43%
Blue Armored Bones
43%
Blue Fairy
43%
Blue Jellyfish
43%
Brain of Cthulhu
43%
Buggy
43%
Bunny
43%
Chaos Elemental
43%
Chattering Teeth Bomb
43%
Clinger
43%
Clown
43%
Corrupt Penguin
43%
Crab
43%
Crystal Thresher
43%
Demon
43%
Derpling
43%
Diamond Bunny
43%
Diamond Squirrel
43%
Sluggy
43%
Dolphin
43%
Dreadnautilus
43%
Duck
43%
Duke Fishron
43%
Dungeon Guardian
43%
Elf Copter
43%
Emerald Bunny
43%
Emerald Squirrel
43%
Empress of Light
43%
Enchanted Nightcrawler
43%
Everscream
43%
Eyezor
43%
Fire Imp
43%
Flying Fish
43%
Ghost
43%
Giant Bat
43%
Gingerbread Man
43%
Goblin Archer
43%
Goblin Scout
43%
Gold Bunny
43%
Gold Seahorse
43%
Gold Worm
43%
Grasshopper
43%
Green Fairy
43%
Green Jellyfish
43%
Grubby
43%
Hallowed Mimic
43%
Headless Horseman
43%
Ice Bat
43%
Ice Elemental
43%
Ice Slime
43%
Illuminant Slime
43%
Jungle Creeper
43%
Jungle Mimic
43%
Jungle Turtle
43%
Kobold
43%
Ladybug
43%
Lava Slime
43%
Leech
43%
Lunatic Cultist
43%
Maggot
43%
Maggot Zombie
43%
Martian Saucer
43%
Mimic
43%
Moon Lord
43%
Moss Hornet
43%
Mothron
43%
Mourning Wood
43%
Mouse
43%
Nebula Pillar
43%
Ogre
43%
Owl
43%
Penguin
43%
Pink Fairy
43%
Pink Jellyfish
43%
Pinky
43%
Pirate Captain
43%
Plantera
43%
Present Mimic
43%
Princess
43%
Purple Slime
43%
Queen Bee
43%
Queen Slime
43%
Rainbow Slime
43%
Rat
43%
Red Admiral Butterfly
43%
Red Devil
43%
Red Squirrel
43%
Rock Golem
43%
Ruby Bunny
43%
Ruby Squirrel
43%
Rune Wizard
43%
Salamander
43%
Santa-NK1
43%
Sapphire Bunny
43%
Sapphire Squirrel
43%
Scarecrow
43%
Seagull
43%
Seahorse
43%
Sea Snail
43%
Sea Turtle
43%
Servant of Cthulhu
43%
Skeletron
43%
Skeletron Prime
43%
Snail
43%
Snatcher
43%
Snow Balla
43%
Solar Pillar
43%
Spiked Slime
43%
Squid
43%
Squirrel
43%
Stardust Pillar
43%
Sulphur Butterfly
43%
Tax Collector
43%
The Hungry
43%
The Possessed
43%
Topaz Bunny
43%
Topaz Squirrel
43%
Town Bunny
43%
Town Cat
43%
Town Dog
43%
Toxic Sludge
43%
Tree Nymph Butterfly
43%
Truffle
43%
Truffle Worm
43%
Vicious Penguin
43%
Voodoo Demon
43%
Vortex Pillar
43%
Wall Creeper
43%
Wandering Eye
43%
Wandering Eye Fish
43%
Water Strider
43%
Witch Doctor
43%
World Feeder
43%
Wraith
43%
Yellow Slime
43%
Zebra Swallowtail Butterfly
43%
Alien Hornet
29%
Alien Larva
29%
Alien Queen
29%
Ancient Vision
29%
Angler Fish
29%
Angry Bones
29%
Angry Nimbus
29%
Anomura Fungus
29%
Antlion
29%
Antlion Charger
29%
Antlion Larva
29%
Antlion Swarmer
29%
Arapaima
29%
Armored Skeleton
29%
Armored Viking
29%
Baby Slime
29%
Basilisk
29%
Bee
29%
Betsy
29%
Black Dragonfly
29%
Black Scorpion
29%
Blazing Wheel
29%
Blood Crawler
29%
Blood Feeder
29%
Blood Jelly
29%
Blood Mummy
29%
Blood Squid
29%
Blood Zombie
29%
Blue Dragonfly
29%
Blue Macaw
29%
Bone Biter
29%
Bone Lee
29%
Bone Serpent
29%
Bouncy Slime
29%
Brain Scrambler
29%
Brain Suckler
29%
Butcher
29%
Clumsy Slime
29%
Cochineal Beetle
29%
Cool Slime
29%
Corite
29%
Corrupt Bunny
29%
Corrupt Goldfish
29%
Corrupt Mimic
29%
Corruptor
29%
Corrupt Slime
29%
Crawdad
29%
Crawltipede
29%
Creature from the Deep
29%
Creeper
29%
Crimera
29%
Crimslime
29%
Crimson Axe
29%
Crimson Mimic
29%
Crystal Slime
29%
Cursed Hammer
29%
Cursed Skull
29%
Cyan Beetle
29%
Dark Caster
29%
Dark Mage
29%
Dark Mummy
29%
Deadly Sphere
29%
Deerclops
29%
Demon Eye
29%
Desert Spirit
29%
Devourer
29%
Diabolist
29%
Digger
29%
Diva Slime
29%
Green Dragonfly
29%
Nutcracker
29%
Drakanian
29%
Drakin
29%
Drakomire
29%
Drakomire Rider
29%
Dreamer Ghoul
29%
Drippler
29%
Dr. Man Fly
29%
Dune Splicer
29%
Dungeon Slime
29%
Dungeon Spirit
29%
Elder Slime
29%
Elf Archer
29%
Enchanted Sword
29%
Etherian Goblin
29%
Etherian Goblin Bomber
29%
Etherian Javelin Thrower
29%
Etherian Lightning Bug
29%
Etherian Wyvern
29%
Evolution Beast
29%
Explosive Bunny
29%
Face Monster
29%
Faeling
29%
Firefly
29%
Flesh Reaver
29%
Floaty Gross
29%
Flocko
29%
Flow Invader
29%
Flying Dutchman
29%
Flying Snake
29%
Frankenstein
29%
Fritz
29%
Frog
29%
Frozen Zombie
29%
Fungi Bulb
29%
Fungo FIsh
29%
Gastropod
29%
Ghoul
29%
Giant Antlion Charger
29%
Giant Antlion Swarmer
29%
Giant Cursed Skull
29%
Giant Flying Fox
29%
Giant Fungi Bulb
29%
Giant Shelly
29%
Giant Tortoise
29%
Gigazapper
29%
Glowing Snail
29%
Gnome
29%
Goblin Peon
29%
Goblin Sorcerer
29%
Goblin Thief
29%
Goblin Warlock
29%
Goblin Warrior
29%
Gold Butterfly
29%
Gold Dragonfly
29%
Golden Slime
29%
Gold Frog
29%
Gold Grasshopper
29%
Gold Ladybug
29%
Gold Mouse
29%
Gold Squirrel
29%
Gold Water Strider
29%
Granite Elemental
29%
Granite Golem
29%
Gray Cockatiel
29%
Gray Grunt
29%
Grebe
29%
Heavenly Slime
29%
Hell Armored Bones
29%
Hellbat
29%
Hell Butterfly
29%
Hellhound
29%
Hemogoblin Shark
29%
Herpling
29%
Hoplite
29%
Hoppin' Jack
29%
Hornet
29%
Ice Golem
29%
Ice Mimic
29%
Ice Tortoise
29%
Ichor Sticker
29%
Icy Merman
29%
Illuminant Bat
29%
Julia Butterfly
29%
Kobold Glider
29%
Krampus
29%
Lac Beetle
29%
Lamia
29%
Lava Bat
29%
Lavafly
29%
Light Mummy
29%
Lightning Bug
29%
Lihzahrd
29%
Lost Girl
29%
Magma Snail
29%
Mallard Duck
29%
Martian Drone
29%
Martian Engineer
29%
Martian Officer
29%
Martian Probe
29%
Martian Walker
29%
Medusa
29%
Milkyway Weaver
29%
Mini Star Cell
29%
Mister Stabby
29%
Mother Slime
29%
Mummy
29%
Mushi Ladybug
29%
Mystic Frog
29%
Mystic Slime
29%
Nailhead
29%
Nebula Floater
29%
Necromancer
29%
Nerdy Slime
29%
Nymph
29%
Old Man
29%
Old One's Skeleton
29%
Orange Dragonfly
29%
Paladin
29%
Parrot
29%
Phantasm Dragon
29%
Pigron
29%
Pirate Corsair
29%
Pirate Crossbower
29%
Pirate Deadeye
29%
Pirate Deckhand
29%
Pirate's Curse
29%
Pixie
29%
Poltergeist
29%
Possessed Armor
29%
Predictor
29%
Prismatic Lacewing
29%
Probe
29%
Psycho
29%
Pupfish
29%
Purple Emperor Butterfly
29%
Ragged Caster
29%
Raincoat Zombie
29%
Raven
29%
Ray Gunner
29%
Red Dragonfly
29%
Retinazer
29%
Rusty Armored Bones
29%
Sand Elemental
29%
Sand Poacher
29%
Sand Shark
29%
Sand Slime
29%
Scarlet Macaw
29%
Scorpion
29%
Scutlix
29%
Scutlix Gunner
29%
Selenian
29%
Shadowflame Apparition
29%
Sharkron
29%
Shimmer Slime
29%
Skeleton Archer
29%
Skeleton Commando
29%
Skeleton Sniper
29%
Slimeling
29%
Slimer
29%
Snow Flinx
29%
Snowman Gangsta
29%
Spazmatism
29%
Spiked Ice Slime
29%
Spiked Jungle Slime
29%
Spiky Ball
29%
Splinterling
29%
Spore Bat
29%
Spore Skeleton
29%
Spore Zombie
29%
Squire Slime
29%
Sroller
29%
Star Cell
29%
Stargazer
29%
Stinkbug
29%
Storm Diver
29%
Surly Slime
29%
Swamp Thing
29%
Tactical Skeleton
29%
Tainted Ghoul
29%
Tesla Turret
29%
Tomb Crawler
29%
Tortured Soul
29%
Toucan
29%
Twinkle
29%
Twinkle Popper
29%
Ulysses Butterfly
29%
Umbrella Slime
29%
Undead Miner
29%
Undead Viking
29%
Unicorn
29%
Vampire
29%
Vicious Bunny
29%
Vicious Goldfish
29%
Vile Ghoul
29%
Vortexian
29%
Vulture
29%
Werewolf
29%
Windy Balloon
29%
Wither Beast
29%
Yellow Cockatiel
29%
Yellow Dragonfly
29%
Yeti
29%
Zombie Elf
29%
Zombie Merman
29%
Blue Cultist Archer
14%
Lunatic Devotee
14%
Meteor Head
14%
The Torch God
14%
No matching quizzes found
Score Distribution
Percent of People with Each Score
Percentile by Number Answered
Your Score History
You have not taken this quiz